Библиография Победы

“Убежден: опыт солидарности, партнерства в годы борьбы с общей угрозой — это наше бесценное наследие, прочная опора именно сейчас, когда набирает силу необратимое движение к более справедливому многополярному миру, основанному на принципах доверия и неделимой безопасности, равных возможностей для самобытного и свободного развития всех стран и народов.”

В.В. Путин

Премьера, 28, 29 апреля, 1, 2 мая 1945 г. А.Арбузов и А. Гладков. Бессмертный (Запись № 3808)

Подробности
000 -МАРКЕР
контрольное поле 04058nam0a2200577 4500
001 - ИДЕНТИФИКАТОР ЗАПИСИ
контрольное поле RU\NLR\BIBL_A\011973360
005 - ИДЕНТИФИКАТОР ВЕРСИИ
контрольное поле 20250809113115.0
020 ## - НОМЕР ДОКУМЕНТА В НАЦИОНАЛЬНОЙ БИБЛИОГРАФИИ
Код страны российская федерация
Основное заглавие издания Российской книжной палаты Ленинград в Великой Отечественной войне. Коллекция. Афиши
035 ## - ДРУГИЕ СИСТЕМНЫЕ НОМЕРА
Идентификатор записи (NLR Aleph) 011973360
100 ## - ДАННЫЕ ОБЩЕЙ ОБРАБОТКИ
Данные общей обработки 20190328d1945 u y0rusy50 ca
101 0# - ЯЗЫК РЕСУРСА
Язык текста, звукозаписи и т.д. русский
102 ## - СТРАНА ПУБЛИКАЦИИ ИЛИ ПРОИЗВОДСТВА
Страна публикации российская федерация
105 ## - ПОЛЕ КОДИРОВАННЫХ ДАННЫХ: ТЕКСТОВЫЕ МАТЕРИАЛЫ, МОНОГРАФИЧЕСКИЕ
Кодированные данные о монографическом текстовом документе y z 000zy
135 ## - ПОЛЕ КОДИРОВАННЫХ ДАННЫХ: ЭЛЕКТРОННЫЕ РЕСУРСЫ
Кодированные данные для электронного ресурса crcn 024anaba
200 1# - ЗАГЛАВИЕ И СВЕДЕНИЯ ОБ ОТВЕТСТВЕННОСТИ
Основное заглавие Премьера, 28, 29 апреля, 1, 2 мая 1945 г. А.Арбузов и А. Гладков. Бессмертный
Сведения, относящиеся к заглавию пьеса в 4 актах, 6 картинах
-- постановка Г.Н. Каганова. Художник заслужен. артист РСФСР В.И. Бейер. Композитор Л.А. Ходжа-Эйнатов.
-- в спектакле участвуют: Вострокнутова О.И., Дзеревяго В.А., Дилин С.А. [и др.]. Художественный руководитель народный артист РСФСР А.А. Брянцев
-- [афиша]
Первые сведения об ответственности Управление по делам искусств Исполкома Ленгорсовета, Ленинградский Государственный Театр Юных Зрителей ТЮЗ орудие коммунистического воспитания
210 ## - ПУБЛИКАЦИЯ, РАСПРОСТРАНЕНИЕ И ДР.
Место издания, распространения и т.д. [Ленинград]
Имя издателя, распространителя и т. д. ТЛ-4
Дата издания, распространения и т.д. 1945
215 ## - ФИЗИЧЕСКАЯ ХАРАКТЕРИСТИКА
Специфическое обозначение материала и объем 1 л.
Размеры 49х70
300 ## - ОБЩИЕ ПРИМЕЧАНИЯ
Текст примечания Начало в 7 час. вечера. Билеты продаются в кассе театра ежедневно, кроме пондельников, с 2 до 7 час. вечера и в Центральной Театральной кассе. Принимаются заявки школ
300 ## - ОБЩИЕ ПРИМЕЧАНИЯ
Текст примечания Зак. 857
325 ## - ПРИМЕЧАНИЕ О КОПИИ
Текст примечания Копия доступна в Электрон. б-ке РНБ
500 10 - УНИФИЦИРОВАННОЕ ЗАГЛАВИЕ
Связь между полями z22702
Унифицированное заглавие Бессмертный
606 1# - НАИМЕНОВАНИЕ ТЕМЫ КАК ПРЕДМЕТ
Наименование темы Театральная жизнь
Географический подзаголовок Ленинград, город
Хронологический подзаголовок 1941 - 1944
Формальный подзаголовок Афиши
Код системы nlr_sh2
Идентификатор авторитетной/нормативной записи RU\NLR\AUTH\6601649837
686 ## - ИНДЕКСЫ ДРУГИХ КЛАССИФИКАЦИЙ
Индекс Щ333(2Р=Рус)7-692Ленинград
702 #1 - ИМЯ ЛИЦА - ВТОРИЧНАЯ ОТВЕТСТВЕННОСТЬ
Связь между полями z22
Начальный элемент ввода Арбузов
Часть имени, кроме начального элемента ввода А.Н.
Дополнения к именам, кроме дат драматург
Даты 1908-1986
Расширение инициалов личного имени Алексей Николаевич
Идентификатор авторитетной/нормативной записи RU\NLR\AUTH\7717969
702 #1 - ИМЯ ЛИЦА - ВТОРИЧНАЯ ОТВЕТСТВЕННОСТЬ
Связь между полями z22
-- z22500
Начальный элемент ввода Гладков
Часть имени, кроме начального элемента ввода А. К.
Дополнения к именам, кроме дат драматург, сценарист
Даты 1912-1976
Расширение инициалов личного имени Александр Константинович
Идентификатор авторитетной/нормативной записи RU\NLR\AUTH\7797321
702 #1 - ИМЯ ЛИЦА - ВТОРИЧНАЯ ОТВЕТСТВЕННОСТЬ
Начальный элемент ввода Каганова
Часть имени, кроме начального элемента ввода Г.Н.
Код отношения Актер
702 #1 - ИМЯ ЛИЦА - ВТОРИЧНАЯ ОТВЕТСТВЕННОСТЬ
Начальный элемент ввода Бейер
Часть имени, кроме начального элемента ввода В. И.
Дополнения к именам, кроме дат театр. художник, педагог
Даты 1868-1945
Расширение инициалов личного имени Владимир Иванович
Идентификатор авторитетной/нормативной записи RU\NLR\AUTH\770204089
Код отношения Карикатурист, Художник
702 #1 - ИМЯ ЛИЦА - ВТОРИЧНАЯ ОТВЕТСТВЕННОСТЬ
Начальный элемент ввода Ходжа-Эйнатов
Часть имени, кроме начального элемента ввода Л.А.
Код отношения Композитор
702 #1 - ИМЯ ЛИЦА - ВТОРИЧНАЯ ОТВЕТСТВЕННОСТЬ
Начальный элемент ввода Вострокнутова
Часть имени, кроме начального элемента ввода О.И.
Код отношения Актер
702 #1 - ИМЯ ЛИЦА - ВТОРИЧНАЯ ОТВЕТСТВЕННОСТЬ
Начальный элемент ввода Дзеревяго
Часть имени, кроме начального элемента ввода В.А.
Код отношения Актер
702 #1 - ИМЯ ЛИЦА - ВТОРИЧНАЯ ОТВЕТСТВЕННОСТЬ
Начальный элемент ввода Дилин
Часть имени, кроме начального элемента ввода С.А.
Код отношения Актер
702 #1 - ИМЯ ЛИЦА - ВТОРИЧНАЯ ОТВЕТСТВЕННОСТЬ
Начальный элемент ввода Брянцев
Часть имени, кроме начального элемента ввода А. А.
Дополнения к именам, кроме дат театр. режиссер, актер
Даты 1883-1961
Расширение инициалов личного имени Александр Александрович
Идентификатор авторитетной/нормативной записи RU\NLR\AUTH\770204096
Код отношения Актер
712 02 - НАИМЕНОВАНИЕ ОРГАНИЗАЦИИ - ВТОРИЧНАЯ ОТВЕТСТВЕННОСТЬ
Начальный элемент ввода Ленинградский театр юных зрителей
Идентификатор авторитетной/нормативной записи RU\NLR\AUTH\889923849
Код отношения Прочие
852 ## - МЕСТОНАХОЖДЕНИЕ И ШИФР ХРАНЕНИЯ
Идентификатор организации NLR
Шифр хранения (Call Number) Л3-330а/7/3/1945-апр.-май
856 #0 - МЕСТОНАХОЖДЕНИЕ ЭЛЕКТРОННЫХ РЕСУРОВ И ДОСТУП К НИМ
Универсальный идентификатор ресурса (Uniform Resource Identifier) http://vivaldi.nlr.ru/la700000628/view
856 #1 - МЕСТОНАХОЖДЕНИЕ ЭЛЕКТРОННЫХ РЕСУРОВ И ДОСТУП К НИМ
Универсальный идентификатор ресурса (Uniform Resource Identifier) http://vivaldi.nlr.ru/la700000628/cover
856 #2 - МЕСТОНАХОЖДЕНИЕ ЭЛЕКТРОННЫХ РЕСУРОВ И ДОСТУП К НИМ
Универсальный идентификатор ресурса (Uniform Resource Identifier) http://vivaldi.nlr.ru/la700000628/text
942 ## - ДОПОЛНИТЕЛЬНЫЕ ЭЛЕМЕНТЫ ЗАПИСИ (АБИС)
Тип экземпляра АБИС Визуальный материал
945 ## - Информацию об издании предоставили:
Полное название организации, предоставившей материал Российская национальная библиотека
980 ## - КОЛЛЕКЦИЯ
Название коллекции Национальная библиография
980 ## - КОЛЛЕКЦИЯ
Название коллекции Библиография Победы
980 3# - КОЛЛЕКЦИЯ
Название коллекции КП2019 Ленинград в Великой Отечественной войне
980 3# - КОЛЛЕКЦИЯ
Название коллекции Книжные памятники РНБ
981 37 - КОЛЛЕКЦИЯ ЭЛЕКТРОННОЙ БИБЛИОТЕКИ
Название коллекции Ленинград в Великой Отечественной войне
Название подколлекции Афиши блокадного Ленинграда

Нет доступных экземпляров.